[Event "Ann Arbor (MI Op/3)"]
[Site "?"]
[Date "1983.??.??"]
[Round "?"]
[White "Crispin, T.."]
[Black "Maring, L.."]
[Result "1-0"]
[WhiteElo "2215"]
[BlackElo "2020"]
[PlyCount "120"]
[EventDate "1983.??.??"]

1. d4 d5 2. c4 e6 3. Nc3 Nf6 4. Bg5 Be7 5. e3 O-O 6. Qc2 Nbd7 7. cxd5 exd5 8.
Bd3 c6 9. Nge2 Re8 10. O-O Nf8 11. Bxf6 Bxf6 12. b4 a6 13. a4 Qd6 14. Rab1 Bg4
15. Ng3 Rac8 16. Qb3 g6 17. b5 axb5 18. axb5 Bd7 19. Ra1 Be6 20. Ra7 c5 21. Qa3
b6 22. Rc1 Qb8 23. Nge2 Be7 24. Qa6 Rc7 25. Ra1 Rxa7 26. Qxa7 Qd6 27. Ra6 Bd8
28. Qa8 Nd7 29. Qc6 Bc7 30. Ng3 Kf8 31. Ra7 Bb8 32. Qxd6+ Bxd6 33. Nxd5 Bb8 34.
Rb7 Bxd5 35. Rxd7 Bb3 36. Ne2 c4 37. Bb1 Rc8 38. Nc3 Ke8 39. Rb7 Bd6 40. Rxb6
Bb4 41. Nd5 Bd2 42. Rc6 Rxc6 43. bxc6 c3 44. Nb4 Kd8 45. Bc2 Bc4 46. d5 Kc7 47.
e4 Bf4 48. g3 Bd6 49. Nd3 Bxd3 50. Bxd3 Kb6 51. f4 f6 52. Kf2 Kc5 53. Kf3 Kd4
54. Bc2 Bc7 55. h4 Bd6 56. g4 h6 57. g5 hxg5 58. hxg5 fxg5 59. e5 Kxd5 60. exd6
Kxc6 1-0

[Event "Ann Arbor (MI Op/5)"]
[Site "?"]
[Date "1983.??.??"]
[Round "?"]
[White "Crispin, T.."]
[Black "Jarosz, Stan"]
[Result "1-0"]
[WhiteElo "2215"]
[BlackElo "1970"]
[PlyCount "33"]
[EventDate "1983.??.??"]

1. d4 d5 2. c4 e6 3. Nc3 Be7 4. Nf3 Nf6 5. Bg5 h6 6. Bh4 O-O 7. e3 b6 8. cxd5
Nxd5 9. Bg3 c5 10. Bc4 Nxc3 11. bxc3 cxd4 12. cxd4 b5 13. Bd3 Bb4+ 14. Nd2 Qa5
15. Be4 Nc6 16. Bxc6 Rb8 17. Bxb8 1-0

[Event "Ann Arbor (MI Op/1)"]
[Site "?"]
[Date "1983.??.??"]
[Round "?"]
[White "Crispin, T.."]
[Black "Beydoun, N.."]
[Result "0-1"]
[WhiteElo "2215"]
[BlackElo "1920"]
[PlyCount "86"]
[EventDate "1983.??.??"]

1. d4 f5 2. g3 Nf6 3. Bg2 e6 4. c4 Be7 5. Nc3 d6 6. Nh3 O-O 7. O-O c6 8. b3 a5
9. Bb2 Qe8 10. Qc2 d5 11. Rae1 Na6 12. f3 Nc7 13. e4 Qd8 14. Rd1 h6 15. cxd5
exd5 16. e5 Nh7 17. Na4 Ne6 18. Nc5 Nhg5 19. f4 Ne4 20. Bxe4 dxe4 21. Qc4 Qd5
22. Qxd5 cxd5 23. Ba3 Nxc5 24. Bxc5 Bxc5 25. dxc5 Be6 26. Kf2 Rac8 27. Rc1 d4
28. c6 b6 29. Rfd1 d3 30. Rc3 Rf7 31. Ke3 Rfc7 32. g4 Rxc6 33. Rxc6 Rxc6 34.
gxf5 Bxf5 35. Nf2 Rc2 36. Rd2 Kf7 37. Nd1 Ke6 38. a3 g5 39. Rf2 Bg4 40. fxg5
Bxd1 41. gxh6 Rxf2 42. Kxf2 Kf7 43. e6+ Kg8 0-1

[Event "Ann Arbor (MI Op/7)"]
[Site "?"]
[Date "1983.??.??"]
[Round "?"]
[White "Crispin, T.."]
[Black "Arganian, David G"]
[Result "1-0"]
[WhiteElo "2215"]
[BlackElo "2095"]
[PlyCount "85"]
[EventDate "1983.??.??"]

1. d4 e6 2. c4 Nf6 3. Nc3 Bb4 4. Nf3 b6 5. Qb3 Bxc3+ 6. Qxc3 Ne4 7. Qc2 Bb7 8.
g3 d6 9. Bg2 Nf6 10. O-O O-O 11. Re1 Be4 12. Qc3 a5 13. Bh3 Nbd7 14. Nd2 c5 15.
Nxe4 Nxe4 16. Qc2 f5 17. Bg2 Qf6 18. f3 Ng5 19. Qd2 Nf7 20. e3 Rad8 21. b3 e5
22. Bb2 Qe7 23. Qc2 Rfe8 24. Qxf5 exd4 25. exd4 Qxe1+ 26. Rxe1 Rxe1+ 27. Kf2
Rde8 28. Bf1 Nf8 29. Qd3 R1e7 30. f4 Nd7 31. d5 Nd8 32. Bh3 Rf8 33. Kg2 Nf6 34.
a3 Ne4 35. Be6+ Nxe6 36. dxe6 Nf6 37. Qxd6 Rfe8 38. Bxf6 gxf6 39. f5 Rb7 40.
Kf3 Ree7 41. g4 h6 42. h4 Rg7 43. Qd8+ 1-0

[Event "East Detroit (MCO/6)"]
[Site "?"]
[Date "1983.??.??"]
[Round "?"]
[White "Cowan, W.."]
[Black "Vandenburg, V.E.."]
[Result "1-0"]
[WhiteElo "1605"]
[BlackElo "1645"]
[PlyCount "97"]
[EventDate "1983.??.??"]

1. e4 e5 2. Nf3 Nf6 3. Nc3 d6 4. Bc4 Be7 5. d4 Nc6 6. O-O O-O 7. Nd5 Bg4 8.
Nxe7+ Qxe7 9. dxe5 dxe5 10. Re1 Rad8 11. Bd3 Nd4 12. h3 Nxf3+ 13. gxf3 Bxh3 14.
Bg5 h6 15. Bh4 g5 16. Bg3 Nh5 17. Kh2 Bc8 18. Rg1 Kh8 19. Kh1 Qe6 20. Rg2 Rg8
21. Qg1 Qf6 22. Qh2 Nf4 23. Bxf4 gxf4 24. Rxg8+ Rxg8 25. Rg1 Rg6 26. Bf1 Kh7
27. Bh3 Be6 28. Bxe6 Qxe6 29. b3 c5 30. Rxg6 fxg6 31. c4 a6 32. Qg1 b5 33. Qf1
b4 34. Qd1 Qe7 35. Qd5 h5 36. Qa8 Qd6 37. Qd5 Qe7 38. Qa8 Qe6 39. Qd5 Qh3+ 40.
Kg1 Qxf3 41. Qxe5 Qg4+ 42. Kh2 Qh4+ 43. Kg2 f3+ 44. Kxf3 Qg4+ 45. Ke3 Qh3+ 46.
f3 Qh1 47. Qe7+ Kh6 48. Qf8+ Kg5 49. Qf4# 1-0

[Event "East Detroit (MCO/1)"]
[Site "?"]
[Date "1983.??.??"]
[Round "?"]
[White "Cowan, W.."]
[Black "Turner, Darrell"]
[Result "0-1"]
[WhiteElo "1605"]
[BlackElo "1830"]
[PlyCount "40"]
[EventDate "1983.??.??"]

1. d4 Nf6 2. e3 d5 3. Bd3 g6 4. Nd2 Bg7 5. c3 O-O 6. f4 Nc6 7. Ngf3 Bg4 8. h3
Bxf3 9. Qxf3 e6 10. Nb3 Ne7 11. g4 b6 12. Bd2 Nc8 13. O-O-O Nd6 14. h4 Nfe4 15.
Be1 c5 16. dxc5 bxc5 17. Bc2 Qb6 18. g5 Rab8 19. h5 c4 20. Nd4 Qxb2# 0-1

[Event "East Detroit (MCO/3)"]
[Site "?"]
[Date "1983.??.??"]
[Round "?"]
[White "Cowan, W.."]
[Black "Pope, T.."]
[Result "0-1"]
[WhiteElo "1605"]
[BlackElo "1620"]
[PlyCount "104"]
[EventDate "1983.??.??"]

1. e4 c5 2. Nf3 Nc6 3. d4 cxd4 4. Nxd4 Nf6 5. Nxc6 bxc6 6. Nc3 d5 7. e5 Nd7 8.
e6 fxe6 9. Be2 g6 10. O-O Bg7 11. Bd2 O-O 12. Qc1 Rf7 13. Bd3 Ne5 14. Be2 Bd7
15. f4 Nc4 16. Bxc4 dxc4 17. Ne4 Rb8 18. Be3 Bxb2 19. Qd2 Bxa1 20. Rxa1 Be8 21.
Qxd8 Rxd8 22. g3 Rf5 23. Bxa7 Rfd5 24. c3 Bf7 25. Bd4 Rb5 26. a4 Rb2 27. a5
Rdb8 28. Bb6 R8xb6 29. axb6 Rxb6 30. Ng5 Rb5 31. Nxf7 Kxf7 32. Kf2 e5 33. fxe5
Rxe5 34. Ra4 Rc5 35. Ke3 e5 36. Ke4 Kf6 37. Rb4 Kg5 38. h3 h5 39. Ra4 Kf6 40.
Rb4 Kg5 41. Ra4 Kf6 42. Rb4 Ke7 43. Ra4 Kd6 44. Rb4 Rb5 45. Rxb5 cxb5 46. g4
hxg4 47. hxg4 Kc5 48. Ke3 b4 49. cxb4+ Kxb4 50. Kd2 Kb3 51. Kd1 Kb2 52. g5 c3
0-1

[Event "East Detroit (MCO/2)"]
[Site "?"]
[Date "1983.??.??"]
[Round "?"]
[White "Cowan, W.."]
[Black "Lungu, C.."]
[Result "1/2-1/2"]
[WhiteElo "1605"]
[BlackElo "1605"]
[PlyCount "99"]
[EventDate "1983.??.??"]

1. e4 c5 2. Nf3 d6 3. Be2 Nf6 4. Nc3 e6 5. d3 Nc6 6. O-O b6 7. d4 cxd4 8. Nxd4
Nxd4 9. Qxd4 Bb7 10. Bf3 e5 11. Qd3 Be7 12. Nd5 Nxd5 13. exd5 O-O 14. c4 Bg5
15. Be4 g6 16. Bxg5 Qxg5 17. Qa3 Qe7 18. Rfe1 Bc8 19. Re3 f5 20. Bc2 f4 21.
Ree1 Qc7 22. Qb4 Qc5 23. Qc3 Bf5 24. b4 Qc7 25. Ba4 Bd7 26. Bb3 Rfc8 27. Rac1
Kf7 28. g3 fxg3 29. fxg3 Kg7 30. Qb2 Bf5 31. c5 bxc5 32. bxc5 Kf6 33. cxd6 Qxd6
34. Rc6 Rxc6 35. dxc6 Qc5+ 36. Kg2 Qxc6+ 37. Kf2 Qb6+ 38. Re3 Qd4 39. Qc1 Rd8
40. Qc6+ Rd6 41. Qc7 Qd2+ 42. Re2 Qd4+ 43. Re3 h5 44. Qf7+ Kg5 45. Qe7+ Kh6 46.
Qf8+ Kg5 47. h4+ Kg4 48. Qe7 Qd2+ 49. Re2 Qd4+ 50. Re3 1/2-1/2

[Event "East Detroit (MCO/4)"]
[Site "?"]
[Date "1983.??.??"]
[Round "?"]
[White "Corbeill, Joe"]
[Black "Williams, Claude"]
[Result "1/2-1/2"]
[WhiteElo "1645"]
[BlackElo "1605"]
[PlyCount "60"]
[EventDate "1983.??.??"]

1. Nf3 f5 2. d4 Nf6 3. c4 e6 4. Nc3 d5 5. e3 c6 6. Be2 Be7 7. O-O O-O 8. b3
Nbd7 9. Bb2 Bd6 10. Rc1 Ne4 11. Ne1 Qh4 12. Nf3 Qh6 13. cxd5 exd5 14. h3 Ndf6
15. Nh2 Qg6 16. Nxe4 fxe4 17. Bg4 Bxh2+ 18. Kxh2 Nxg4+ 19. hxg4 Bxg4 20. Qd2
Rf5 21. Rh1 Rh5+ 22. Kg1 Bh3 23. g3 Qg4 24. Qd1 Qf3 25. Qxf3 exf3 26. Re1 Re8
27. Ba3 Re6 28. Bc5 b6 29. Ba3 Kf7 30. Bb4 Kf6 1/2-1/2

[Event "East Detroit (MCO/6)"]
[Site "?"]
[Date "1983.??.??"]
[Round "?"]
[White "Corbeill, Joe"]
[Black "Lewis, Derrick"]
[Result "1-0"]
[WhiteElo "1645"]
[BlackElo "1840"]
[PlyCount "69"]
[EventDate "1983.??.??"]

1. Nf3 Nf6 2. g3 g6 3. Bg2 Bg7 4. O-O d6 5. d4 Bg4 6. Bg5 Nbd7 7. c3 c6 8. Bxf6
Nxf6 9. Nbd2 O-O 10. h3 Bf5 11. Re1 Qd7 12. Kh2 Be4 13. Nxe4 Nxe4 14. Qd3 f5
15. Rf1 Rad8 16. Rad1 Qc7 17. Nd2 Nxd2 18. Rxd2 e5 19. dxe5 dxe5 20. Qc4+ Kh8
21. Rfd1 Bh6 22. Rxd8 Rxd8 23. Rxd8+ Qxd8 24. Qf7 Qc8 25. e3 a6 26. Qe7 Bg7 27.
b3 b5 28. Bf1 c5 29. c4 b4 30. Qd6 e4 31. Be2 Kg8 32. g4 a5 33. Qd5+ Kh8 34.
gxf5 gxf5 35. Bh5 1-0

[Event "East Detroit (MCO/2)"]
[Site "?"]
[Date "1983.??.??"]
[Round "?"]
[White "Corbeill, Joe"]
[Black "Kebrdle, M.."]
[Result "0-1"]
[WhiteElo "1645"]
[BlackElo "1930"]
[PlyCount "120"]
[EventDate "1983.??.??"]

1. Nf3 Nf6 2. g3 g6 3. Bg2 Bg7 4. O-O O-O 5. c4 c5 6. Nc3 Nc6 7. d3 d6 8. Bg5
h6 9. Bd2 e6 10. Qc1 Kh7 11. e3 Bd7 12. a3 a6 13. Qc2 Rb8 14. Rad1 b5 15. cxb5
axb5 16. Bc1 b4 17. axb4 Nxb4 18. Qe2 d5 19. d4 c4 20. Ne1 Qa5 21. Bd2 Qa7 22.
e4 Nxe4 23. Nxe4 dxe4 24. Bxb4 Rxb4 25. Bxe4 Qa2 26. Rb1 Rfb8 27. Rc1 Qxb2 28.
Qxb2 Rxb2 29. Nc2 Ba4 30. Ne3 Rd8 31. Nxc4 Rb4 32. Ne3 Rbxd4 33. Bg2 h5 34. Rc4
Rxc4 35. Nxc4 Bb5 36. Rc1 Rc8 37. Bf1 Bd4 38. Rc2 Kg7 39. Na3 Rxc2 40. Nxc2
Bxf1 41. Nxd4 Bc4 42. Kg2 e5 43. Nc2 f5 44. Ne3 Bb3 45. Nf1 Kf6 46. f3 g5 47.
h3 Ke6 48. Kf2 Kd6 49. Nd2 Be6 50. Kg2 Kc5 51. Kf2 Kd4 52. Ke2 e4 53. fxe4 fxe4
54. h4 gxh4 55. gxh4 Bg4+ 56. Ke1 Ke3 57. Nf1+ Kf3 58. Nd2+ Kf4 59. Nf1 Be6 60.
Nd2 Bh3 0-1

[Event "East Detroit (MCO/3)"]
[Site "?"]
[Date "1983.??.??"]
[Round "?"]
[White "Conklin, M.."]
[Black "Yuhas, L.."]
[Result "0-1"]
[WhiteElo "1605"]
[BlackElo "1755"]
[PlyCount "32"]
[EventDate "1983.??.??"]

1. e4 e5 2. Nf3 Nc6 3. Bc4 d6 4. d4 Bg4 5. Bxf7+ Kxf7 6. Ng5+ Qxg5 7. Bxg5 Bxd1
8. Kxd1 Nxd4 9. c3 Ne6 10. Be3 Nf6 11. f3 d5 12. exd5 Nxd5 13. Bf2 Bc5 14. Bxc5
Nxc5 15. Re1 Rhe8 16. Nd2 Nd3 0-1

[Event "East Detroit (MCO/1)"]
[Site "?"]
[Date "1983.??.??"]
[Round "?"]
[White "Conklin, M.."]
[Black "Forte, Joe"]
[Result "0-1"]
[WhiteElo "1605"]
[BlackElo "2000"]
[PlyCount "50"]
[EventDate "1983.??.??"]

1. e4 c5 2. Nf3 Nc6 3. d4 cxd4 4. Nxd4 g6 5. Nc3 Bg7 6. Be3 Nf6 7. f3 O-O 8.
Qd2 d5 9. O-O-O dxe4 10. fxe4 Ng4 11. Nxc6 Qxd2+ 12. Kxd2 bxc6 13. Re1 Rb8 14.
b3 Nxe3 15. Rxe3 Bh6 16. Bd3 Bxe3+ 17. Kxe3 e5 18. Kf3 Be6 19. Na4 f5 20. Nc5
fxe4+ 21. Kxe4 Bd5+ 22. Kxe5 Rbe8+ 23. Kd4 Rf4+ 24. Kc3 Rf2 25. Rg1 Re3 0-1

[Event "East Detroit (MCO/5)"]
[Site "?"]
[Date "1983.??.??"]
[Round "?"]
[White "Conklin, M.."]
[Black "Brown, E.."]
[Result "1-0"]
[WhiteElo "1605"]
[BlackElo "1605"]
[PlyCount "69"]
[EventDate "1983.??.??"]

1. e4 e6 2. d4 d5 3. Nc3 Bb4 4. e5 Bxc3+ 5. bxc3 Nd7 6. Qg4 g6 7. Bg5 Ne7 8. h4
h6 9. Bd2 c5 10. h5 g5 11. f4 gxf4 12. Qxf4 Nf5 13. Bd3 Qg5 14. g4 Qxf4 15.
Bxf4 Ne7 16. Nf3 c4 17. Be2 f6 18. exf6 Nxf6 19. Be5 Rf8 20. g5 Ng4 21. Bg7 Rf4
22. gxh6 Kf7 23. O-O Kg8 24. Ng5 Rxf1+ 25. Rxf1 Nxh6 26. Bxh6 Bd7 27. Rf7 Nf5
28. Rxd7 Nxh6 29. Rxb7 a5 30. Bf3 Re8 31. Nxe6 Kh8 32. Bxd5 Ng4 33. Bxc4 Rg8
34. Nf4 Ne3+ 35. Bxg8 1-0

[Event "East Detroit (MCO/1)"]
[Site "?"]
[Date "1983.??.??"]
[Round "?"]
[White "Collins, Charles"]
[Black "Sveen, L.."]
[Result "1-0"]
[WhiteElo "1605"]
[BlackElo "1790"]
[PlyCount "75"]
[EventDate "1983.??.??"]

1. e4 e6 2. d4 d5 3. Nc3 Bb4 4. Bd2 dxe4 5. Nb5 Be7 6. Ne2 f5 7. Bf4 Na6 8. c4
c6 9. Nbc3 g5 10. Be5 Bf6 11. f4 exf3 12. gxf3 Bxe5 13. dxe5 Qb6 14. Qd2 f4 15.
Bh3 Ne7 16. Rg1 h6 17. Ne4 Nf5 18. Bxf5 exf5 19. Nd6+ Ke7 20. Nxc8+ Raxc8 21.
Qd6+ Kf7 22. Qf6+ Kg8 23. Qg6+ Kf8 24. Qxf5+ Kg7 25. Qf6+ Kg8 26. Rd1 Qb4+ 27.
Kf1 Nc5 28. e6 Rh7 29. e7 Re8 30. Rd8 Rhxe7 31. Qxe7 Rxd8 32. Qxd8+ Kg7 33. h4
Qxc4 34. hxg5 h5 35. Qf6+ Kg8 36. g6 Nd7 37. Qd8+ Nf8 38. g7 1-0

[Event "East Detroit (MCO/6)"]
[Site "?"]
[Date "1983.??.??"]
[Round "?"]
[White "Collins, Charles"]
[Black "Pollock, A.."]
[Result "1-0"]
[WhiteElo "1605"]
[BlackElo "1605"]
[PlyCount "105"]
[EventDate "1983.??.??"]

1. e4 c5 2. Nf3 d6 3. d4 cxd4 4. Nxd4 a6 5. Be3 Nc6 6. Nc3 e6 7. Qd2 Nf6 8. f3
Be7 9. Bd3 Nxd4 10. Bxd4 e5 11. Be3 Be6 12. O-O-O O-O 13. h4 Nh5 14. g4 Nf4 15.
Bxf4 exf4 16. Qxf4 g5 17. Qh2 gxh4 18. f4 h6 19. Rdg1 Kh8 20. f5 Bg5+ 21. Kb1
Bc8 22. Nd5 f6 23. Qh3 b5 24. Ne3 h5 25. gxh5 Qa5 26. Qg4 Bb7 27. Rxh4 Qd2 28.
Rh3 Rg8 29. Nd5 Bxd5 30. exd5 Rae8 31. a3 Re1+ 32. Rxe1 Qxe1+ 33. Ka2 Qe5 34.
Qf3 b4 35. Bxa6 Bc1 36. Qb3 bxa3 37. bxa3 Ra8 38. h6 Qxf5 39. Qb7 Qxc2+ 40. Ka1
Qb2+ 41. Qxb2 Bxb2+ 42. Kxb2 Rxa6 43. Rf3 Rb6+ 44. Kc3 Kh7 45. Rxf6 Ra6 46. Kc4
Rxa3 47. Rxd6 Ra1 48. Kb5 Re1 49. Kc6 Rc1+ 50. Kd7 Rd1 51. Ke7 Re1+ 52. Re6
Rxe6+ 53. Kxe6 1-0

[Event "East Detroit (MCO/4)"]
[Site "?"]
[Date "1983.??.??"]
[Round "?"]
[White "Collins, Charles"]
[Black "Jordan, Willie"]
[Result "0-1"]
[WhiteElo "1605"]
[BlackElo "1605"]
[PlyCount "84"]
[EventDate "1983.??.??"]

1. e4 e5 2. Nf3 Nc6 3. Bb5 a6 4. Ba4 b5 5. Bb3 d6 6. c3 Be7 7. d4 exd4 8. cxd4
Nf6 9. d5 Ne5 10. Bc2 Bg4 11. Nbd2 O-O 12. b3 Nh5 13. h3 Bxf3 14. Nxf3 Bf6 15.
O-O Nxf3+ 16. Qxf3 Bxa1 17. Qxh5 Re8 18. Re1 g6 19. Qf3 Bg7 20. Bd3 Rc8 21. Bf4
c6 22. dxc6 Rxc6 23. Bb1 Rc3 24. Qd1 Be5 25. Bd2 Rc7 26. Ba5 Qc8 27. Bxc7 Qxc7
28. g3 Qc5 29. Kg2 Rc8 30. f4 Bc3 31. Re2 d5 32. e5 d4 33. Qd3 Qd5+ 34. Kf2 Qh1
35. h4 Qd5 36. g4 a5 37. Kg3 Be1+ 38. Kh3 Rc3 39. Rxe1 Rxd3+ 40. Bxd3 Qf3+ 41.
Kh2 Qxd3 42. e6 Qd2+ 0-1

[Event "East Detroit (MCO/1)"]
[Site "?"]
[Date "1983.??.??"]
[Round "?"]
[White "Choyke, J.."]
[Black "Theuerle, P.."]
[Result "0-1"]
[WhiteElo "1605"]
[BlackElo "1690"]
[PlyCount "116"]
[EventDate "1983.??.??"]

1. e4 e6 2. d4 c6 3. Nf3 Be7 4. Nbd2 d6 5. c3 Nf6 6. Be2 Qc7 7. Qc2 Nbd7 8. O-O
b6 9. b4 Bb7 10. Nb3 c5 11. bxc5 bxc5 12. Nbd2 Rc8 13. Bb2 cxd4 14. Nxd4 a6 15.
Bd3 Ng4 16. h3 Nge5 17. f4 Nxd3 18. Qxd3 e5 19. Ne2 O-O 20. Rac1 Qc6 21. c4
Qb6+ 22. Kh2 Qxb2 23. Rb1 Qxa2 24. Rxb7 Nc5 25. Nc3 Nxd3 26. Nxa2 Bf6 27. fxe5
Bxe5+ 28. Kh1 Nc5 29. Rbb1 Ra8 30. Nb4 Bc3 31. Rfd1 a5 32. Nd5 Bxd2 33. Rxd2
Nxe4 34. Rd4 f5 35. Ne7+ Kh8 36. Nxf5 Rxf5 37. Rxe4 Rf6 38. Rb7 a4 39. Ree7 Rg6
40. Ra7 Rb8 41. Rxa4 h6 42. Ra6 Rb2 43. Re8+ Kh7 44. Rd8 Rbxg2 45. Ra1 Rc2 46.
Rg1 Rxc4 47. Rxg6 Kxg6 48. Rxd6+ Kf5 49. Kg2 Kg5 50. Rd3 Kh4 51. Kh1 g5 52. Re3
h5 53. Kg2 Rc2+ 54. Kh1 g4 55. hxg4 hxg4 56. Kg1 g3 57. Rf3 Kh3 58. Rf1 Rg2+
0-1

[Event "East Detroit (MCO/6)"]
[Site "?"]
[Date "1983.??.??"]
[Round "?"]
[White "Choyke, J.."]
[Black "Swartz, J.."]
[Result "0-1"]
[WhiteElo "1605"]
[BlackElo "1605"]
[PlyCount "142"]
[EventDate "1983.??.??"]

1. e4 c5 2. Nc3 d6 3. d3 Nf6 4. g3 e5 5. Bg2 Nc6 6. Nh3 Nd4 7. O-O h6 8. f3 Bd7
9. a4 Qc8 10. Nf2 Be7 11. b3 a6 12. Bd2 Be6 13. Ne2 Nh5 14. c4 Bg5 15. Nxd4
cxd4 16. Qc2 Be3 17. Bxe3 dxe3 18. Nd1 Qc5 19. Qe2 Nf4 20. Qxe3 Nxd3 21. Qxc5
Nxc5 22. Rb1 b5 23. axb5 axb5 24. Ne3 O-O 25. Rfc1 Rfb8 26. Bf1 b4 27. Rb2 Ra3
28. Rcb1 Rba8 29. Be2 g6 30. Nc2 Ra2 31. Nxb4 Rxb2 32. Rxb2 Ra3 33. Nc2 Rxb3
34. Rxb3 Nxb3 35. g4 Nd2 36. Ne3 Kg7 37. h4 f6 38. Kf2 Kf7 39. Ke1 Nb3 40. Kd1
Nd4 41. Kd2 Ke7 42. Bd1 Kd8 43. Nc2 Nxc2 44. Bxc2 Bxc4 45. Bd3 Bxd3 46. Kxd3
Kd7 47. Kc4 Kc6 48. h5 g5 49. Kd3 Kc5 50. Kc3 d5 51. exd5 Kxd5 52. Kd3 Kd6 53.
Ke4 Ke6 54. Kd3 f5 55. Ke3 e4 56. gxf5+ Kxf5 57. fxe4+ Kg4 58. e5 Kxh5 59. e6
Kg6 60. Ke4 Kf6 61. Kd5 Ke7 62. Ke5 h5 63. Kf5 h4 64. Kg4 Kxe6 65. Kh3 Kf5 66.
Kh2 Kg4 67. Kg2 h3+ 68. Kh1 Kf3 69. Kg1 g4 70. Kh1 Kf2 71. Kh2 g3+ 0-1

[Event "East Detroit (MCO/4)"]
[Site "?"]
[Date "1983.??.??"]
[Round "?"]
[White "Choyke, J.."]
[Black "Riggins, D.."]
[Result "0-1"]
[WhiteElo "1605"]
[BlackElo "2125"]
[PlyCount "106"]
[EventDate "1983.??.??"]

1. e4 Nf6 2. e5 Nd5 3. d4 d6 4. Nf3 Nb6 5. exd6 cxd6 6. g3 g6 7. Bg2 Bg7 8. O-O
O-O 9. Re1 Nc6 10. a4 Bg4 11. Be3 Rc8 12. h3 Bxf3 13. Bxf3 Nc4 14. b3 Nxe3 15.
fxe3 e5 16. d5 e4 17. c3 exf3 18. dxc6 Rxc6 19. Qxf3 Qc8 20. Rc1 Qxh3 21. Ra2
Qe6 22. c4 Rc7 23. Nc3 Bxc3 24. Rxc3 Re8 25. Rf2 Qe5 26. Rd3 Re6 27. Qf4 Qc5
28. Qd4 Rce7 29. Qxc5 dxc5 30. Rf3 Kg7 31. g4 Re5 32. Kg2 Rg5 33. Rg3 h5 34.
gxh5 Rxh5 35. Kf2 b6 36. Kf3 Rf5+ 37. Kg2 g5 38. Rd5 Rxd5 39. cxd5 Re5 40. e4
Rxe4 41. Rxg5+ Kf6 42. Kf3 Rd4 43. Rg3 Rxd5 44. Ke3 Rd4 45. Rf3+ Ke6 46. Rf4
Rxf4 47. Kxf4 Kd5 48. Ke3 f5 49. Kf4 Kd4 50. Kxf5 Kc3 51. Ke5 Kxb3 52. Kd5 c4
53. Kd4 c3 0-1

[Event "East Detroit (MCO/4)"]
[Site "?"]
[Date "1983.??.??"]
[Round "?"]
[White "Charison, M.."]
[Black "Libby, Dan"]
[Result "0-1"]
[WhiteElo "1605"]
[BlackElo "1680"]
[PlyCount "102"]
[EventDate "1983.??.??"]

1. e4 g6 2. d4 Bg7 3. Nf3 d6 4. Nc3 Nf6 5. Bg5 h6 6. Be3 O-O 7. Qd2 Kh7 8. h4
a6 9. Be2 b5 10. Ng5+ Kg8 11. Nxf7 Rxf7 12. Bf3 Ng4 13. Bxg4 Bxg4 14. f3 Bc8
15. Bxh6 Qf8 16. Bg5 Nc6 17. Be3 e5 18. d5 Nd4 19. O-O-O Bb7 20. h5 gxh5 21.
Rxh5 c6 22. Rdh1 cxd5 23. Bxd4 Qe7 24. Bf2 dxe4 25. Nxe4 Bxe4 26. fxe4 Raf8 27.
Qd5 Qd7 28. Be3 Qg4 29. Rg5 Qe2 30. Rxg7+ Kxg7 31. Bh6+ Kg6 32. Bxf8 Rf1+ 33.
Rxf1 Qxf1+ 34. Qd1 Qf4+ 35. Kb1 Qxf8 36. Qg4+ Kh6 37. Qh4+ Kg6 38. Qg4+ Kh6 39.
b3 Qg7 40. Qxg7+ Kxg7 41. Kc1 Kg6 42. Kd2 Kg5 43. Ke2 Kf4 44. Kf2 Kxe4 45. Kg3
Ke3 46. Kh3 Kf2 47. g4 e4 48. g5 e3 49. g6 e2 50. g7 e1=Q 51. g8=Q Qh1+ 0-1

[Event "East Detroit (MCO/2)"]
[Site "?"]
[Date "1983.??.??"]
[Round "?"]
[White "Charison, M.."]
[Black "Jonik, Henry"]
[Result "1-0"]
[WhiteElo "1605"]
[BlackElo "1760"]
[PlyCount "107"]
[EventDate "1983.??.??"]

1. e4 c5 2. f4 d6 3. Nf3 Nd7 4. Bc4 Nb6 5. Bb3 c4 6. Bxc4 Nxc4 7. b3 Na5 8. d4
Nf6 9. e5 dxe5 10. fxe5 Nd5 11. O-O Bg4 12. Qd3 Nc6 13. Ng5 Bh5 14. c3 h6 15.
Nxf7 Bxf7 16. Qf5 Nxe5 17. Qxe5 Nf6 18. Ba3 Qd5 19. Qe2 Bh5 20. Qd3 Rd8 21. Re1
Kf7 22. Re5 Qc6 23. Nd2 Bg6 24. Qh3 e6 25. Bxf8 Rhxf8 26. Nc4 Rfe8 27. Rc5 Qe4
28. Qg3 Kg8 29. Nd6 Rxd6 30. Qxd6 Qe3+ 31. Kh1 Ng4 32. h3 Nf2+ 33. Kh2 Ne4 34.
Qe5 Kh7 35. Rc7 Rg8 36. Rxb7 Qxc3 37. Rf1 Qd2 38. Rf8 Qg5 39. Qc7 Bf5 40. Rxg8
Kxg8 41. Rxa7 Nf6 42. Qg3 Qxg3+ 43. Kxg3 Nd5 44. Kf3 Bd3 45. Rb7 Kh7 46. b4 Nc3
47. Rb8 Nxa2 48. b5 Nc3 49. b6 Be4+ 50. Kf2 Nb5 51. Rd8 Kg6 52. d5 Nd4 53. b7
Nc6 54. dxc6 1-0

[Event "East Detroit (MCO/5)"]
[Site "?"]
[Date "1983.??.??"]
[Round "?"]
[White "Cevallos, G.."]
[Black "Williams, Claude"]
[Result "1-0"]
[WhiteElo "1625"]
[BlackElo "1605"]
[PlyCount "63"]
[EventDate "1983.??.??"]

1. d4 f5 2. g3 Nf6 3. Bg2 d5 4. c4 e6 5. Nc3 c6 6. c5 Be7 7. Nf3 O-O 8. O-O
Nbd7 9. Bg5 b6 10. b4 Ne4 11. Bxe7 Qxe7 12. Qc1 Ndf6 13. Ne5 Nxc3 14. Qxc3 Ne4
15. Bxe4 fxe4 16. Nxc6 Qg5 17. f4 Qg4 18. Qd2 Ba6 19. Rf2 Rf6 20. a4 Bb7 21.
Ne5 Qf5 22. c6 Bc8 23. b5 a6 24. Qc1 a5 25. c7 Rf8 26. Qc6 g5 27. Qxa8 gxf4 28.
Rxf4 Qg5 29. Rxf8+ Kxf8 30. Qxc8+ Kg7 31. Qd7+ Kh6 32. Nf7+ 1-0

[Event "East Detroit (MCO/6)"]
[Site "?"]
[Date "1983.??.??"]
[Round "?"]
[White "Cevallos, G.."]
[Black "Jonik, Henry"]
[Result "1/2-1/2"]
[WhiteElo "1625"]
[BlackElo "1760"]
[PlyCount "56"]
[EventDate "1983.??.??"]

1. d4 Nf6 2. c4 g6 3. Nc3 Bg7 4. g3 O-O 5. Bg2 d6 6. Nf3 Nbd7 7. O-O Rb8 8. Rb1
b6 9. b3 c5 10. d5 Ng4 11. Bb2 f5 12. Nb5 Nde5 13. Nxe5 Nxe5 14. Nxa7 Ra8 15.
Nxc8 Qxc8 16. a4 f4 17. Qc2 Qg4 18. f3 Qg5 19. Bc1 Qh6 20. Bxf4 Rxf4 21. gxf4
Qxf4 22. Qe4 Qxe4 23. fxe4 Ng4 24. e3 Nxe3 25. Rf3 Bd4 26. Kh1 Kg7 27. h3 h5
28. Re1 Nxg2 1/2-1/2

[Event "East Detroit (MCO/2)"]
[Site "?"]
[Date "1983.??.??"]
[Round "?"]
[White "Cevallos, G.."]
[Black "Everett, Morgan"]
[Result "0-1"]
[WhiteElo "1625"]
[BlackElo "2035"]
[PlyCount "50"]
[EventDate "1983.??.??"]

1. d4 f5 2. Nf3 Nf6 3. c4 e6 4. Nc3 Bb4 5. Bd2 O-O 6. a3 Be7 7. g3 d5 8. e3 c6
9. c5 Ne4 10. Be2 Nd7 11. O-O Bf6 12. b4 g5 13. Nxe4 fxe4 14. Ne1 e5 15. Bc3
Qe7 16. Bh5 exd4 17. Bxd4 Ne5 18. Nc2 Bh3 19. Re1 Nd3 20. Re2 g4 21. Rd2 Qg7
22. f3 gxf3 23. Bxf3 exf3 24. Bxf6 Qxf6 25. Rxd3 f2+ 0-1

[Event "East Detroit (MCO/1)"]
[Site "?"]
[Date "1983.??.??"]
[Round "?"]
[White "Carroll, Deuvoy"]
[Black "Thornton, Ivan"]
[Result "1-0"]
[WhiteElo "1975"]
[BlackElo "1605"]
[PlyCount "75"]
[EventDate "1983.??.??"]

1. Nf3 Nf6 2. d4 c5 3. e3 d6 4. Bc4 Bg4 5. c3 d5 6. Bb5+ Nbd7 7. dxc5 a6 8. Ba4
e6 9. b4 a5 10. Nbd2 Be7 11. h3 Bxf3 12. Qxf3 O-O 13. Bxd7 Qxd7 14. O-O axb4
15. cxb4 Ra4 16. a3 b6 17. Bb2 bxc5 18. bxc5 Qb5 19. Bd4 Qd3 20. Nb1 Ne4 21.
Rc1 Bh4 22. Ra2 Rc4 23. Rd1 Bxf2+ 24. Kh2 Bg3+ 25. Qxg3 Nxg3 26. Rxd3 Nf1+ 27.
Kg1 Rc1 28. Nc3 Nxe3+ 29. Kf2 Nf5 30. Be3 d4 31. Bxc1 dxc3 32. Rxc3 Rd8 33. Rd2
Re8 34. c6 Rc8 35. c7 Rf8 36. c8=Q Ne7 37. Qxf8+ Kxf8 38. Rd8# 1-0

[Event "East Detroit (MCO/3)"]
[Site "?"]
[Date "1983.??.??"]
[Round "?"]
[White "Carroll, Deuvoy"]
[Black "Donaldson, J.."]
[Result "0-1"]
[WhiteElo "1975"]
[BlackElo "2450"]
[PlyCount "158"]
[EventDate "1983.??.??"]

1. Nf3 g6 2. d4 Nf6 3. Nbd2 Bg7 4. g3 O-O 5. Bg2 c5 6. c3 Qc7 7. O-O b6 8. e4
Bb7 9. Re1 d6 10. dxc5 Qxc5 11. Nd4 Qc7 12. N2b3 Nbd7 13. Bg5 h6 14. Bd2 a6 15.
f3 Rac8 16. Qe2 Ne5 17. Bh3 Rcd8 18. Rad1 Nc4 19. Bc1 b5 20. Nd2 e5 21. Nc2
Nxd2 22. Bxd2 d5 23. exd5 Bxd5 24. Nb4 Bb7 25. Bg2 Rfe8 26. Be3 Nd5 27. Nxd5
Bxd5 28. Qf2 Qc6 29. a3 f5 30. Rd2 Bb3 31. f4 e4 32. Bd4 Bxd4 33. Rxd4 Qb6 34.
Rxd8 Qxf2+ 35. Kxf2 Rxd8 36. Bf1 Kf7 37. Ke3 Ke6 38. Be2 h5 39. h3 Kd5 40. Bd1
Kc4 41. Be2+ Kc5 42. Rg1 a5 43. Rc1 Rd6 44. Rg1 Bc4 45. g4 Bxe2 46. Kxe2 hxg4
47. hxg4 Kc4 48. gxf5 gxf5 49. Rg5 Rd5 50. Rg7 Kb3 51. Re7 a4 52. Re5 Kc4 53.
Re8 Rd3 54. Re5 Rh3 55. Rxf5 Rh2+ 56. Ke3 Rxb2 57. Kxe4 Re2+ 58. Kf3 Rc2 59.
Re5 Rxc3+ 60. Kg4 Rxa3 61. f5 Ra1 62. Re4+ Kc3 63. Kg5 a3 64. f6 a2 65. f7 Rf1
66. Re3+ Kb4 67. Re4+ Ka5 68. Re8 Kb4 69. Re4+ Ka5 70. Re8 Rxf7 71. Ra8+ Kb4
72. Rxa2 Kb3 73. Ra8 b4 74. Rb8 Ka3 75. Kg4 b3 76. Ra8+ Kb2 77. Kg3 Kc2 78.
Rc8+ Kb1 79. Rb8 b2 0-1